000 00307nam a22001217a 4500
020 _a0-412-34140-9
082 _a620.1 SAY'A
100 _aBONES, J. A , SAYER, F. P
_964816
245 _aAPPLIED MECHANIC , A MODERN APPROACH
260 _aLONDON
_bCHAPMAN & HALL
_c1990
300 _aVII, 340P
942 _cBK
999 _c573199
_d573199